Marsch Durch Die Institutionen? : Politik und Kultur in Frankfurt Nach 1968.

Bibliographic Details
Main Author: Kittel, Manfred.
Format: eBook
Language:German
Published: Berlin/München/Boston : Walter de Gruyter GmbH, 2011.
Edition:1st ed.
Series:Quellen und Darstellungen Zur Zeitgeschichte Series
Subjects:
Online Access:Click to View
LEADER 01649nam a22003853i 4500
001 EBC4749424
003 MiAaPQ
005 20231204023213.0
006 m o d |
007 cr cnu||||||||
008 231204s2011 xx o ||||0 ger d
020 |a 9783486712315  |q (electronic bk.) 
020 |z 9783486704020 
035 |a (MiAaPQ)EBC4749424 
035 |a (Au-PeEL)EBL4749424 
035 |a (OCoLC)1330935598 
040 |a MiAaPQ  |b eng  |e rda  |e pn  |c MiAaPQ  |d MiAaPQ 
050 4 |a DD901.F78K525 2011 
100 1 |a Kittel, Manfred. 
245 1 0 |a Marsch Durch Die Institutionen? :  |b Politik und Kultur in Frankfurt Nach 1968. 
250 |a 1st ed. 
264 1 |a Berlin/München/Boston :  |b Walter de Gruyter GmbH,  |c 2011. 
264 4 |c {copy}2011. 
300 |a 1 online resource (493 pages) 
336 |a text  |b txt  |2 rdacontent 
337 |a computer  |b c  |2 rdamedia 
338 |a online resource  |b cr  |2 rdacarrier 
490 1 |a Quellen und Darstellungen Zur Zeitgeschichte Series ;  |v v.86 
588 |a Description based on publisher supplied metadata and other sources. 
590 |a Electronic reproduction. Ann Arbor, Michigan : ProQuest Ebook Central, 2023. Available via World Wide Web. Access may be limited to ProQuest Ebook Central affiliated libraries.  
655 4 |a Electronic books. 
776 0 8 |i Print version:  |a Kittel, Manfred  |t Marsch Durch Die Institutionen?  |d Berlin/München/Boston : Walter de Gruyter GmbH,c2011  |z 9783486704020 
797 2 |a ProQuest (Firm) 
830 0 |a Quellen und Darstellungen Zur Zeitgeschichte Series 
856 4 0 |u https://ebookcentral.proquest.com/lib/matrademy/detail.action?docID=4749424  |z Click to View